Gemeenten van Zeeland aanklikken op de kaart - Statistieken

Algemene statistieken
  • Deze quiz is 228 keer genomen
  • De gemiddelde score is 9 van 13
Antwoorden op de kaart
Antwoorden kleurgecodeerd door een groen-rode schaal op de quizkaart volgens % correct hieronder.
 
Antwoordstatistieken
Antwoord % Correct
Terneuzen
86%
Middelburg
80%
Vlissingen
79%
Goes
73%
Sluis
71%
Hulst
70%
Schouwen-Duiveland
70%
Noord-Beveland
69%
Tholen
65%
Kapelle
64%
Borsele
62%
Reimerswaal
60%
Veere
54%
Geen overeenkomende quizzen gevonden
Scoreverdeling
Procent van Mensen met Elke Score
Percentiel versus Aantal Correcte Antwoorden
Uw Scoregeschiedenis
U heeft deze quiz nog niet genomen